[Event "AUTO-OPEN-3193"]
[Site "http://www.queenalice.com/game.php?id=1258248"]
[Date "2014.2.20"]
[Round "1"]
[White "FORNEIRO1901"]
[Black "SpongeBob"]
[Result "1-0"]
[WhiteElo "2393"]
[BlackElo "2077"]

1. Nf3 d5 2. e3 Nf6 3. c4 e6 4. d4 c6 5. Be2 Nbd7 6. O-O Bd6 7. Nc3 O-O 8. Qc2
dxc4 9. Bxc4 e5 10. Bb3 exd4 11. exd4 Nb6 12. Bg5 h6 13. Bh4 Bg4 14. Ne5 g5 15.
Qg6+ Kh8 16. Qxh6+ Nh7 17. Bc2 f5 18. Ng6+ Kg8 19. Bb3+ 1-0

[Event "AUTO-OPEN-3193"]
[Site "http://www.queenalice.com/game.php?id=1258249"]
[Date "2014.2.20"]
[Round "1"]
[White "SpongeBob"]
[Black "FORNEIRO1901"]
[Result "0-1"]
[WhiteElo "2083"]
[BlackElo "2390"]

1. e4 e5 2. f4 exf4 3. Nf3 Be7 4. Bc4 Nf6 5. d3 d5 6. exd5 Nxd5 7. Bxd5 Qxd5 8.
Bxf4 O-O 9. O-O Be6 10. Nc3 Qa5 11. Qe2 Nc6 12. a3 Bg4 13. b4 Qf5 14. Bxc7 Bf6
15. Qd2 Qd7 16. Bg3 Bxf3 17. Rxf3 Qd4+ 18. Bf2 Qxc3 19. Qd1 Qxa1 0-1

[Event "AUTO-OPEN-3193"]
[Site "http://www.queenalice.com/game.php?id=1258251"]
[Date "2014.2.20"]
[Round "1"]
[White "ataan"]
[Black "FORNEIRO1901"]
[Result "0-1"]
[WhiteElo "1100"]
[BlackElo "2415"]

1. d4 d5 2. c4 e6 3. Nc3 Nf6 4. cxd5 exd5 5. Bg5 c6 6. e3 Bf5 7. Qf3 Bg6 8. Bxf6
Qxf6 9. Qxf6 gxf6 10. h4 Nd7 11. Nge2 Bd6 12. Nc1 O-O-O 13. Bd3 h5 14. Bxg6 fxg6
15. Nd3 Rde8 16. Rc1 Nb6 17. Ke2 Kd7 18. b3 Nc8 19. Kf3 Ne7 20. g3 Nf5 21. Nf4
Bxf4 22. Kxf4 Nd6 23. Rc2 g5+ 24. hxg5 fxg5+ 25. Kxg5 h4 26. Kg4 Rhg8+ 27. Kf3
hxg3 28. fxg3 Nf5 29. Rh7+ Kd6 30. e4 Nxd4+ 0-1

[Event "AUTO-OPEN-3193"]
[Site "http://www.queenalice.com/game.php?id=1258252"]
[Date "2014.2.20"]
[Round "1"]
[White "FORNEIRO1901"]
[Black "Piritubachess"]
[Result "1-0"]
[WhiteElo "2413"]
[BlackElo "2039"]

1. Nf3 c5 2. e4 Nc6 3. Bb5 a6 4. Bxc6 dxc6 5. d3 Qc7 6. O-O e5 7. Bg5 Be6 8. Na3
h6 9. Bh4 b5 10. Nb1 Bd6 11. a4 Ne7 12. axb5 cxb5 13. Bxe7 Qxe7 14. Nc3 O-O 15.
Re1 Rfd8 16. Nd5 Qb7 17. c4 Rdb8 18. Ra2 a5 19. Nd2 Qd7 20. Qf3 a4 21. cxb5 Rxb5
22. Nc4 Bxd5 23. exd5 Rb4 24. Qe3 f6 25. Qf3 Re8 26. Rc1 Bc7 27. g3 Bd6 28. Kg2
f5 29. Qh5 Bf8 30. d6 Kh7 31. Qf3 Qe6 32. Qc6 Rc8 33. Qf3 e4 34. dxe4 fxe4 35.
Qh5 Rd8 36. Qxc5 Bxd6 37. Nxd6 Qxd6 38. Qf5+ Qg6 39. Qxg6+ Kxg6 40. Rc6+ Kh7 41.
Ra6 Rdd4 42. h4 Kg8 43. Ra7 Rd2 44. R7xa4 Rdxb2 45. Rxb4 Rxb4 46. Kf1 Kf7 47.
Ra6 h5 48. Ke2 g6 49. Ke3 Rc4 50. Rd6 Ra4 51. Rd4 Rxd4 52. Kxd4 Kf6 53. Kxe4 g5
54. hxg5+ Kxg5 55. f4+ Kf6 56. f5 Kg5 57. Ke5 Kg4 58. f6 Kxg3 59. f7 h4 60. f8=Q
h3 61. Qf4+ Kg2 62. Qg4+ Kh2 63. Kf4 Kh1 64. Kg3 1-0

[Event "AUTO-OPEN-3193"]
[Site "http://www.queenalice.com/game.php?id=1258253"]
[Date "2014.2.20"]
[Round "1"]
[White "Piritubachess"]
[Black "FORNEIRO1901"]
[Result "0-1"]
[WhiteElo "2041"]
[BlackElo "2412"]

1. e4 e5 2. Nf3 Nc6 3. Bc4 Bc5 4. Nc3 Nf6 5. d3 O-O 6. O-O h6 7. a3 d6 8. Na4
Bb6 9. Nxb6 axb6 10. c3 Re8 11. Re1 Be6 12. Bb5 Bd7 13. Nd2 Na5 14. Bxd7 Qxd7
15. Qf3 b5 16. Nf1 Nb3 17. Rb1 Nc5 18. Ng3 Qg4 19. Qxg4 Nxg4 20. Rd1 Nf6 21. Nf5
Ne6 22. f3 h5 23. d4 g6 24. Ng3 exd4 25. cxd4 d5 26. e5 Nd7 27. Ne2 c6 28. Kf2
Kg7 29. Nf4 Ndf8 30. h4 Nxf4 31. Bxf4 Ne6 32. Be3 Ra4 33. Rd3 Rea8 34. g4 Rh8
35. Kg3 b4 36. Bd2 bxa3 37. bxa3 Rxd4 38. Rxd4 Nxd4 39. Rxb7 Ra8 40. Bg5 hxg4
41. fxg4 Ne6 42. Bf6+ Kg8 43. g5 Rxa3+ 44. Kf2 Ra2+ 45. Kg1 Ra8 46. Kg2 c5 47.
Rb2 c4 48. Kf3 c3 49. Rc2 Nd4+ 50. Ke3 Nxc2+ 51. Kd3 Ne1+ 52. Kxc3 Ra4 53. Kd2
Nf3+ 54. Ke3 Nxh4 55. Bd8 Re4+ 56. Kd3 Nf3 57. Bc7 Nxe5+ 58. Kc3 Rc4+ 59. Kd2
Rxc7 60. Ke3 Rc4 61. Kf2 d4 62. Ke2 Rc2+ 63. Kd1 Rg2 0-1

[Event "Challenge"]
[Site "http://www.queenalice.com/game.php?id=1258508"]
[Date "2014.2.20"]
[Round "-"]
[White "trompmaster"]
[Black "FORNEIRO1901"]
[Result "0-1"]
[WhiteElo "2389"]
[BlackElo "2404"]

1. e4 e5 2. Nf3 Nf6 3. Nc3 Nc6 4. g3 Bc5 5. Bg2 d6 6. d3 O-O 7. Na4 Bb6 8. O-O
Bg4 9. b3 Qd7 10. c3 d5 11. exd5 Nxd5 12. Qe2 Rfe8 13. Re1 Nf6 14. Bb2 Qf5 15.
Nxb6 axb6 16. Qe3 Bh3 17. a4 h6 18. Rad1 Bg4 19. Rb1 Rad8 20. Red1 Rd6 21. Nh4
Qd7 22. Bxc6 bxc6 23. f3 Be6 24. c4 Bh3 25. Qe2 g5 26. Ng2 Bf5 27. Ne1 g4 28. b4
Nh7 29. c5 Rd5 30. Rbc1 Ng5 31. Qe3 e4 32. Qd2 gxf3 33. Qc3 Ree5 34. cxb6 e3 35.
b7 f2+ 36. Kf1 Bh3+ 37. Ng2 Bxg2+ 0-1

[Event "Challenge"]
[Site "http://www.queenalice.com/game.php?id=1258511"]
[Date "2014.2.20"]
[Round "-"]
[White "shogun"]
[Black "FORNEIRO1901"]
[Result "1-0"]
[WhiteElo "2491"]
[BlackElo "2419"]

1. e4 e5 2. Nf3 Nf6 3. Nxe5 d6 4. Nf3 Nxe4 5. d4 d5 6. Bd3 Nc6 7. O-O Be7 8. c4
Nb4 9. Be2 O-O 10. Nc3 Be6 11. cxd5 Bxd5 12. Re1 Nxc3 13. bxc3 Nc6 14. Bd3 Rb8
15. Bf4 Bd6 16. Bxd6 cxd6 17. Nd2 f5 18. Rb1 g6 19. Nc4 Bf7 20. Qa4 Qc7 21. Qa3
Rfd8 22. h4 b5 23. Ne3 a6 24. h5 Qa5 25. Qc1 Re8 26. d5 Ne7 27. c4 bxc4 28. Rxb8
Rxb8 29. Nxc4 Qxd5 30. Bf1 Nc6 31. Rd1 Qc5 32. Nxd6 Qxc1 33. Rxc1 Bd5 34. a4 Nd4
35. a5 Bf7 36. Bxa6 Ra8 37. Rc8+ Rxc8 38. Bxc8 Bd5 39. hxg6 hxg6 40. a6 Ba8 41.
Nc4 g5 42. Nb6 Bc6 43. Bb7 1-0

[Event "Challenge"]
[Site "http://www.queenalice.com/game.php?id=1258514"]
[Date "2014.2.20"]
[Round "-"]
[White "PhilBFrance"]
[Black "FORNEIRO1901"]
[Result "1/2-1/2"]
[WhiteElo "2446"]
[BlackElo "2417"]

1. e4 e5 2. Nf3 Nf6 3. Nxe5 d6 4. Nf3 Nxe4 5. Nc3 Nxc3 6. dxc3 Be7 7. Bd3 O-O 8.
O-O Nd7 9. Re1 Nc5 10. Be3 Nxd3 11. Qxd3 Be6 12. Nd4 Bd7 13. Re2 Bf6 14. Rae1
Qc8 15. Bf4 b6 16. h3 Qb7 17. Nf5 Rfe8 18. Ne3 Bh4 19. Nf5 Bf6 20. Ne3 Bh4 21.
Nf5 Bf6 1/2-1/2

[Event "AUTO-ELITE-1291"]
[Site "http://www.queenalice.com/game.php?id=1258632"]
[Date "2014.2.21"]
[Round "1"]
[White "Luc_2010"]
[Black "FORNEIRO1901"]
[Result "1-0"]
[WhiteElo "2371"]
[BlackElo "2398"]

1. g4 d5 2. c4 dxc4 3. Qa4+ c6 4. Qxc4 e5 5. Nf3 Be6 6. Qc2 Nd7 7. h3 h5 8. g5
Ne7 9. Nc3 Qc7 10. b3 O-O-O 11. Bb2 Kb8 12. O-O-O f5 13. Rg1 e4 14. Nd4 Bf7 15.
g6 Bg8 16. d3 Nd5 17. Nxd5 Bxd5 18. e3 Nc5 19. Nxf5 Rd7 20. Ng3 Nxd3+ 21. Bxd3
exd3 22. Rxd3 h4 23. Ne4 Bb4 24. Ng5 Rf8 25. Rg4 Be7 26. Bxg7 Rf5 27. Nf7 Ba3+
28. Bb2 Bxb2+ 29. Qxb2 Bxf7 30. Qh8+ Qc8 31. gxf7 Qxh8 32. Rg8+ Kc7 33. Rxd7+
Kxd7 34. Rxh8 Rxf7 35. f4 Rg7 36. Rxh4 Rg2 37. Rh7+ Kd6 38. Rxb7 Rxa2 39. Rb4
Rh2 40. Rd4+ Ke7 41. Ra4 Kd6 42. h4 Rxh4 43. Rxa7 Rh2 44. Ra8 Rf2 45. Rd8+ Ke6
46. Rd2 Rf3 47. Kd1 Rf1+ 48. Ke2 Rh1 49. Kf3 Rh3+ 50. Ke4 Rh4 51. b4 Rh3 52. f5+
1-0

[Event "AUTO-ELITE-1291"]
[Site "http://www.queenalice.com/game.php?id=1258633"]
[Date "2014.2.21"]
[Round "1"]
[White "FORNEIRO1901"]
[Black "Luc_2010"]
[Result "0-1"]
[WhiteElo "2388"]
[BlackElo "2413"]

1. Nf3 g6 2. e4 Bg7 3. d4 d6 4. Nc3 Nf6 5. Bc4 O-O 6. O-O Nxe4 7. Nxe4 d5 8. Bd3
dxe4 9. Bxe4 Nd7 10. c3 c5 11. Qe2 cxd4 12. Nxd4 e5 13. Nf3 Qc7 14. Re1 Nf6 15.
Bc2 e4 16. Nd4 Re8 17. h3 b6 18. Bg5 Bb7 19. Ba4 Red8 20. Qe3 Rd5 21. Bf4 Qe7
22. Rad1 Rad8 23. Bb3 Rc5 24. Bg5 Re8 25. Nc2 Rf5 26. Qd2 Qc7 27. Bh4 Rh5 28.
Bg3 Qc6 29. Ne3 Rc5 30. Qd6 Bf8 31. Qd4 Bg7 32. Ba4 b5 33. Bb3 Bf8 34. a4 a6 35.
Bf4 Nh5 36. Bh2 Nf6 37. Rd2 Rg5 38. axb5 axb5 39. Bd6 Bxd6 40. Qxd6 Qxd6 41.
Rxd6 Kg7 42. Ra1 Ra8 43. Rxa8 Bxa8 44. Ra6 Bd5 45. Nxd5 Nxd5 46. Ra7 Rf5 47. g4
Re5 48. Rb7 Ne7 49. Kf1 h5 50. Ke2 f5 51. g5 f4 52. f3 e3 53. h4 Kf8 54. Rb8+
Kg7 55. Re8 Kh7 56. Bg8+ Kg7 57. Ba2 Kh7 58. b4 Nc6 59. Be6 Kg7 60. Rg8+ Kh7 61.
Bb3 Rf5 62. Re8 Re5 63. Rf8 Ne7 64. Rxf4 Nf5 65. c4 bxc4 66. Bxc4 Re8 67. b5
Ng3+ 68. Ke1 Ra8 69. Rd4 Ra1+ 0-1

[Event "AUTO-ELITE-1291"]
[Site "http://www.queenalice.com/game.php?id=1258638"]
[Date "2014.2.21"]
[Round "1"]
[White "Pablyx"]
[Black "FORNEIRO1901"]
[Result "1/2-1/2"]
[WhiteElo "2271"]
[BlackElo "2407"]

1. e4 e5 2. Nf3 Nc6 3. Bc4 Bc5 4. c3 Nf6 5. d4 exd4 6. e5 d5 7. Bb5 Ne4 8. cxd4
Be7 9. O-O O-O 10. Nbd2 Bf5 11. Nb3 a5 12. Ba4 Qb8 13. Qe2 Nd8 14. Ne1 c6 15. f3
Ng5 16. g4 Bc8 17. Nc5 b6 18. Bxg5 Bxg5 19. Ncd3 Ne6 20. f4 Bd8 21. Qe3 b5 22.
Bd1 Qa7 23. Nc5 Nxc5 24. dxc5 b4 25. Be2 Be7 26. Rc1 Re8 27. Kg2 Be6 28. Qd4 Qc7
29. h3 b3 30. axb3 Reb8 31. f5 Rb4 32. Qd1 Bc8 33. f6 Bf8 34. Nf3 gxf6 35. exf6
Qf4 36. Bd3 Qxf6 37. Qe2 Be6 38. Rce1 Bxc5 39. Qd2 Bd6 40. Ng5 Bf4 41. Nxh7 Bxd2
42. Nxf6+ Kg7 43. Nh5+ Kg8 44. Nf6+ Kg7 45. Nh5+ Kg8 46. Nf6+ Kh8 47. Re2 Bh6
48. Bf5 Bxf5 49. Rxf5 Rxb3 50. Rh5 Kg7 51. Nxd5 cxd5 52. g5 d4 53. gxh6+ Kh7 54.
Rf2 Ra7 55. Kf1 d3 56. Rg2 f6 57. Rg7+ Rxg7 58. hxg7+ Kxg7 59. Rxa5 Kg6 60. Rd5
Kf7 61. h4 Ke6 62. Rd8 Ke5 63. h5 Ke4 64. h6 d2 65. Rxd2 Rh3 66. b4 Rxh6 67. Rb2
1/2-1/2

[Event "AUTO-ELITE-1291"]
[Site "http://www.queenalice.com/game.php?id=1258639"]
[Date "2014.2.21"]
[Round "1"]
[White "FORNEIRO1901"]
[Black "Pablyx"]
[Result "1/2-1/2"]
[WhiteElo "2418"]
[BlackElo "2260"]

1. d4 d5 2. Nf3 Nf6 3. e3 Nc6 4. c4 e6 5. Nc3 a6 6. Bd3 Be7 7. a3 dxc4 8. Bxc4
b5 9. Bd3 Bb7 10. O-O O-O 11. Qc2 Na5 12. e4 h6 13. Rd1 Nd7 14. b4 Nc4 15. a4
Bxb4 16. axb5 axb5 17. Rxa8 Qxa8 18. Nxb5 Nd6 19. Bd2 Bxd2 20. Nxd2 Rc8 21. Qb2
Bc6 22. Nxd6 cxd6 23. Ra1 Qb8 24. Rb1 Qxb2 25. Rxb2 Kf8 26. f3 Ke7 27. Kf2 e5
28. Ke3 exd4+ 29. Kxd4 Ne5 30. Bc4 Ra8 31. Bb3 Rb8 32. Ra2 g5 33. Ra7+ Bd7 34.
Bd5 Rc8 35. g3 1/2-1/2

[Event "Challenge"]
[Site "http://www.queenalice.com/game.php?id=1259137"]
[Date "2014.2.23"]
[Round "-"]
[White "Iancopoulus"]
[Black "FORNEIRO1901"]
[Result "1/2-1/2"]
[WhiteElo "2596"]
[BlackElo "2384"]

1. e4 e5 2. Nc3 Nc6 3. Nf3 Nf6 4. Be2 d5 5. exd5 Nxd5 6. Bb5 Nxc3 7. bxc3 Bd6 8.
O-O O-O 9. Re1 Re8 10. d3 a6 11. Bc4 Na5 12. Ng5 Nxc4 13. Qh5 h6 14. Qxf7+ Kh8
15. Qh5 Kg8 16. Qf7+ Kh8 17. Qh5 1/2-1/2

[Event "Challenge"]
[Site "http://www.queenalice.com/game.php?id=1259562"]
[Date "2014.2.24"]
[Round "-"]
[White "Marquinhos"]
[Black "FORNEIRO1901"]
[Result "1-0"]
[WhiteElo "2512"]
[BlackElo "2377"]

1. d4 d5 2. Nf3 Nf6 3. c4 e6 4. Nc3 Be7 5. Bg5 O-O 6. e3 Nbd7 7. Rc1 h6 8. Bh4
dxc4 9. Bxc4 a6 10. a4 b6 11. O-O Bb7 12. Qe2 c5 13. Rfd1 Qc7 14. Ba2 Rac8 15.
e4 cxd4 16. Nxd4 Bd6 17. Bg3 Bxg3 18. hxg3 Kh8 19. Bxe6 fxe6 20. Nxe6 Qe5 21.
Nxf8 Nxf8 22. Qe3 N8d7 23. Qf4 Qe7 24. f3 Qb4 25. Rc2 Qc5+ 26. Kh2 Qh5+ 27. Qh4
Qc5 28. Rcd2 Ne5 29. Rd8+ Kh7 30. Qf4 Rxd8 31. Rxd8 Bc8 32. Rxc8 Nxf3+ 33. Qxf3
Qxc8 34. Kg1 Ng4 35. Qf5+ Qxf5 36. exf5 Nf6 37. Kf2 g6 38. fxg6+ Kxg6 39. Ke3
Kf5 40. Kd4 Kg4 41. Ke5 Nd7+ 42. Kd6 Nc5 43. Kc6 Nd3 44. b3 Nb4+ 45. Kxb6 Kxg3
46. Ne4+ Kxg2 47. Nf6 Kf3 48. Kc5 Nd3+ 49. Kd4 Nf4 50. b4 h5 51. Nxh5 Nxh5 52.
Kc5 Nf4 53. b5 Nd3+ 54. Kd4 axb5 55. axb5 Ke2 56. Kc4 Nb2+ 57. Kb3 Nd3 58. Kc4
1-0

[Event "Challenge"]
[Site "http://www.queenalice.com/game.php?id=1260361"]
[Date "2014.2.27"]
[Round "-"]
[White "gbsalvio"]
[Black "FORNEIRO1901"]
[Result "1/2-1/2"]
[WhiteElo "2632"]
[BlackElo "2413"]

1. Nc3 d5 2. e4 d4 3. Nce2 Nc6 4. Ng3 Nf6 5. Bb5 Bd7 6. Nf3 e6 7. O-O Bc5 8.
Bxc6 Bxc6 9. d3 O-O 10. Qd2 Qe7 11. Qg5 b6 12. Bf4 h6 13. Qh4 Bb7 14. Ne2 Rfd8
15. Be5 Nd7 16. Bxc7 Qxh4 17. Nxh4 Re8 18. Bg3 g5 19. Nf3 f5 20. h4 fxe4 21.
Nfxd4 exd3 22. cxd3 gxh4 23. Bxh4 Ba6 24. Nb3 Rac8 25. Rfd1 Bf8 26. Nf4 Kf7 27.
Rac1 Bd6 28. Bg3 Nf6 29. d4 Rg8 30. Nh5 Be7 31. Nxf6 Bxf6 32. Rxc8 Rxc8 33. Be5
Rc2 34. Rd2 Rc8 35. Kh2 Bb7 36. Rd1 Bg5 37. f4 Bh4 38. g3 Be7 39. Rc1 Rxc1 40.
Nxc1 h5 41. Kg1 h4 42. gxh4 Bxh4 43. Kf1 Ba6+ 44. Kg2 Bb7+ 45. Kh3 Bf2 46. Ne2
Bf3 47. Nc3 Ke7 48. Nb5 1/2-1/2

[Event "Challenge"]
[Site "http://www.queenalice.com/game.php?id=1260362"]
[Date "2014.2.27"]
[Round "-"]
[White "FORNEIRO1901"]
[Black "gbsalvio"]
[Result "0-1"]
[WhiteElo "2417"]
[BlackElo "2628"]

1. Nf3 b6 2. e4 Bb7 3. e5 c5 4. d4 cxd4 5. Nxd4 Nc6 6. Nxc6 Bxc6 7. Nc3 e6 8.
Qg4 Ne7 9. Bb5 Qc7 10. Bxc6 Nxc6 11. Bf4 Nxe5 12. Qg3 d6 13. O-O f6 14. Rad1 a6
15. Rfe1 Kf7 16. Kh1 h5 17. Be3 Re8 18. Bd4 h4 19. Qh3 Ng6 20. Qf3 h3 21. g3 Ne5
22. Bxe5 dxe5 23. Ne4 Kg8 24. c3 f5 25. Nd2 e4 26. Qe2 b5 27. f3 exf3 28. Qxf3
Rh6 29. Nb3 Rf6 30. Nd4 e5 31. Nxf5 Rd8 32. Rxd8 Qxd8 33. g4 g6 34. Rd1 e4 35.
Qe2 Qe8 36. Ne3 Qf7 37. Rf1 Bc5 38. Rxf6 Qxf6 39. Nf1 e3 40. c4 bxc4 41. Qxc4+
Kh7 42. Qe2 Qc6+ 43. Kg1 Qd5 44. b4 Bb6 45. Ng3 Qd1+ 0-1

[Event "AUTO-ELITE-1316"]
[Site "http://www.queenalice.com/game.php?id=1271826"]
[Date "2014.4.10"]
[Round "1"]
[White "arvo1938"]
[Black "FORNEIRO1901"]
[Result "1/2-1/2"]
[WhiteElo "2366"]
[BlackElo "2414"]

1. d4 d5 2. c4 e6 3. Nc3 Be7 4. e3 Nf6 5. Bd3 dxc4 6. Bxc4 O-O 7. Nf3 a6 8. O-O
c5 9. dxc5 Bxc5 10. Qc2 Nc6 11. Rd1 Qe7 12. a3 b5 13. Bd3 Bb7 14. b4 Bd6 15. Bb2
Rac8 16. Rac1 Ne5 17. Nxe5 Bxe5 18. h3 g6 19. Qb1 Rfd8 20. Qa1 Nd7 21. Be4 Nb6
22. Bxb7 Qxb7 23. Na4 Bxb2 24. Rxd8+ Rxd8 25. Nxb2 Rd2 26. Rd1 Qd7 27. Kf1 h5
28. Ke1 Rxd1+ 29. Qxd1 Qc7 30. Qd2 Nd5 31. g3 Qc6 32. Nd1 Qc4 33. Qd4 Qxd4 34.
exd4 Kf8 35. Nb2 Nb6 36. Ke2 Ke7 37. Nd3 Nc4 38. Nc5 Nxa3 39. Nxa6 Nc4 40. Kd3
Kd6 41. Nc5 f5 42. Na4 e5 43. Nc3 e4+ 44. Ke2 Na3 45. Kd1 Kc6 46. h4 Nc4 47. d5+
Kd6 48. Nxb5+ Kxd5 49. Nc3+ Ke5 50. Ne2 Nb2+ 51. Kd2 Nd3 52. b5 Nxf2 53. Nf4 Kd6
54. b6 Kc6 55. Nxg6 Kxb6 56. Nf4 Kc5 57. Nxh5 Kd4 58. Ke2 Ng4 59. Nf4 Ke5 60.
Ng6+ 1/2-1/2

[Event "AUTO-ELITE-1316"]
[Site "http://www.queenalice.com/game.php?id=1271827"]
[Date "2014.4.10"]
[Round "1"]
[White "FORNEIRO1901"]
[Black "arvo1938"]
[Result "1/2-1/2"]
[WhiteElo "2413"]
[BlackElo "2367"]

1. Nf3 f5 2. c4 Nf6 3. d4 e6 4. Nc3 b6 5. g3 Bb7 6. Bg2 Bb4 7. Bd2 O-O 8. O-O
Nc6 9. a3 Bxc3 10. Bxc3 Ne7 11. Qd3 Rb8 12. b4 Be4 13. Qd2 b5 14. cxb5 Rxb5 15.
Qa2 f4 16. a4 Rb7 17. Bd2 Bd5 18. Qa3 fxg3 19. hxg3 Nf5 20. b5 Qe8 21. Bf4 Qh5
22. Rfe1 Be4 23. Ne5 Bxg2 24. Kxg2 d6 25. Nf3 Qg4 26. Nh2 Qg6 27. Qd3 Nh4+ 28.
Kg1 Ne4 29. e3 Nxf2 30. Qxg6 Nh3+ 31. Kh1 Nxg6 32. Kg2 Nhxf4+ 33. exf4 Kf7 34.
Nf3 h6 35. Re2 Ne7 36. Nh4 c6 37. Rae1 cxb5 38. axb5 Rfb8 39. Rxe6 Rd7 40. f5
Rxb5 41. g4 Rbb7 42. Kg3 a5 43. Ng6 a4 44. R1e2 Ra7 45. Nh8+ Kf8 46. Ra2 Ra8 47.
Ng6+ Nxg6 48. fxg6 d5 49. Kf4 Re7 50. Ke5 Rxe6+ 51. Kxe6 a3 52. Kxd5 Ke7 53. Kc6
Ra6+ 54. Kb5 Ra7 55. Kc6 Ra5 56. Re2+ Kf6 57. Ra2 Kxg6 58. d5 Kf7 59. Kd6 Ke8
60. Ke6 Ra4 61. d6 g5 62. Rc2 Re4+ 63. Kd5 Rxg4 64. Rc8+ Kd7 65. Rc7+ Kd8 66.
Ra7 Rg3 67. Ra8+ Kd7 68. Ra7+ Kd8 69. Ra8+ Kd7 70. Ra7+ Kd8 1/2-1/2

[Event "AUTO-ELITE-1316"]
[Site "http://www.queenalice.com/game.php?id=1271832"]
[Date "2014.4.10"]
[Round "1"]
[White "pedrolopez"]
[Black "FORNEIRO1901"]
[Result "1-0"]
[WhiteElo "2564"]
[BlackElo "2412"]

1. d4 d5 2. c4 dxc4 3. e4 c5 4. d5 b5 5. a4 Nf6 6. Nd2 b4 7. Bxc4 e6 8. Bb5+ Bd7
9. dxe6 fxe6 10. Qb3 Qe7 11. Ngf3 Nc6 12. O-O Nd4 13. Nxd4 cxd4 14. e5 Nd5 15.
Ne4 Bxb5 16. axb5 Qd7 17. Qf3 Qf7 18. Qd3 Qd7 19. Ra6 Be7 20. Qf3 Nc7 21. Nd6+
Bxd6 22. Rxd6 Qxb5 23. Rxe6+ Nxe6 24. Qxa8+ Nd8 25. Qxa7 O-O 26. Qxd4 Nc6 27.
Qd7 Rd8 28. Qc7 Qd5 29. f4 Qe4 30. h3 h6 31. Qb6 Rd4 32. f5 Rc4 33. f6 Qd4+ 34.
Qxd4 Rxd4 35. fxg7 Kxg7 36. Bxh6+ Kxh6 37. Rf6+ Kg5 38. Rxc6 Rd2 39. Rc1 Rxb2
40. Re1 Ra2 41. e6 Ra8 42. Rb1 Kf6 43. Rxb4 Kxe6 44. Rf4 Ke5 45. Rf2 Rg8 46. g4
Rg5 47. Kg2 Ke6 48. Kg3 Rb5 49. Kh4 Rb1 50. g5 Rb8 51. Kg4 Rb4+ 52. Rf4 Rb1 53.
h4 1-0

[Event "AUTO-ELITE-1316"]
[Site "http://www.queenalice.com/game.php?id=1271833"]
[Date "2014.4.10"]
[Round "1"]
[White "FORNEIRO1901"]
[Black "pedrolopez"]
[Result "0-1"]
[WhiteElo "2404"]
[BlackElo "2573"]

1. d4 d5 2. Nf3 Nf6 3. e3 g6 4. c4 Bg7 5. cxd5 Nxd5 6. Bb5+ c6 7. Be2 O-O 8. O-O
Bf5 9. Nbd2 Nf6 10. Re1 Nbd7 11. Nh4 e6 12. Nxf5 exf5 13. b4 a6 14. Bb2 Nd5 15.
a3 N7f6 16. Bd3 Re8 17. Qc2 Qc7 18. Rac1 Ng4 19. g3 Rad8 20. Nc4 h5 21. Qd2 h4
22. h3 Nh6 23. Kg2 hxg3 24. fxg3 Nf6 25. Qf2 Ne4 26. Qf4 Qd7 27. Rc2 g5 28. Qf1
Qc7 29. Qf3 Re6 30. Nd2 Qe7 31. Bxe4 g4 32. hxg4 fxe4 33. Qf4 Rd5 34. Rh1 Rf6
35. Qxe4 Re6 36. Qf4 Rxe3 37. Rh4 Re2+ 38. Kg1 Qe6 39. Nf1 Rxc2 40. g5 Rf5 41.
d5 Rxf4 42. dxe6 Rxh4 43. Bxg7 Kxg7 44. gxh4 Nf5 45. exf7 Nxh4 0-1

[Event "Challenge"]
[Site "http://www.queenalice.com/game.php?id=1327551"]
[Date "2014.12.12"]
[Round "-"]
[White "Chalezuba"]
[Black "FORNEIRO1901"]
[Result "1-0"]
[WhiteElo "2474"]
[BlackElo "2360"]

1. e4 e5 2. Nf3 Nf6 3. Nxe5 d6 4. Nf3 Nxe4 5. d4 d5 6. Bd3 Nc6 7. O-O Be7 8. c4
Nf6 9. Nc3 O-O 10. h3 Nb4 11. Be2 dxc4 12. Bxc4 c6 13. Re1 Nbd5 14. Bg5 h6 15.
Bh4 Be6 16. Qb3 Qb6 17. Bxd5 cxd5 18. Qxb6 axb6 19. a3 g5 20. Bg3 Rfc8 21. Re3
Bb4 22. Nb5 Ra4 23. Rd1 Bf8 24. Bd6 Rc2 25. Bxf8 Kxf8 26. Nc3 Rc4 27. Ne5 Rc7
28. Nd3 Rc4 29. Nb4 Rxb2 30. Na4 Rcxb4 31. axb4 Rxb4 32. Nc3 Kg7 33. Rb1 Rxd4
34. Rxb6 Nh5 35. Kh2 Rd2 36. Re2 Rd3 37. Nb1 d4 38. Rd2 Rxd2 39. Nxd2 Nf4 40. f3
Kf6 41. Rxb7 Ke5 42. g3 Nd5 43. Nc4+ 1-0

[Event "Challenge"]
[Site "http://www.queenalice.com/game.php?id=1327552"]
[Date "2014.12.12"]
[Round "-"]
[White "FORNEIRO1901"]
[Black "Chalezuba"]
[Result "0-1"]
[WhiteElo "2369"]
[BlackElo "2468"]

1. Nf3 Nf6 2. d4 d5 3. c4 c6 4. e3 Bf5 5. cxd5 cxd5 6. Nc3 e6 7. Nh4 Be4 8. Qb3
Qc7 9. f3 Bg6 10. g3 Nc6 11. Nxg6 hxg6 12. Bg2 Be7 13. O-O O-O 14. Qd1 a6 15.
Bd2 Rac8 16. Rc1 Qb6 17. Qe2 Qxb2 18. Rb1 Qa3 19. Rxb7 Bb4 20. Qe1 Rb8 21. Rxb8
Rxb8 22. Qc1 Qa5 23. Rf2 e5 24. Nd1 exd4 25. Bxb4 Nxb4 26. exd4 Nxa2 27. Qa1
Qe1+ 28. Bf1 Nc3 29. Qxc3 Qxd1 30. Rd2 Qa4 31. Qc7 Re8 32. Qc2 Qa3 33. Qd3 Qb4
34. Rd1 a5 35. Rb1 Qe7 36. Ra1 Ra8 37. Qa3 Qe6 38. Qc1 Nd7 39. Kf2 Nb6 40. Qe3
Qc6 41. Ra2 Nc4 0-1